Music Quiz

Random Music or Taylor Swift Quiz

Better than Revenge by Taylor Swift lyrics Quiz Stats

Quiz not verified by Sporcle

Challenge
Share
Tweet
Embed
Score 0/40 Timer 08:00
0 Plays Today
First Part Second Part % Correct
Now Go Stand In The CornerAnd think about what you did
96.8%
The story starts when it was hot and it was summer and
87.1%
I underestimatedjust who i was dealing with
81.7%
I had it all i had himright there where i wanted him
78.5%
she's not a saintand she's not what you think
78.5%
shes not a saintand she's not what you think
78.5%
She's not a saintand she's not what you think
78.5%
she must've known the pain wasbeating on me like a drum
76.3%
she's an actress whoashe's better known for the things
76.3%
she looks at me like im a trend and she's so over it
76.3%
she's an actress whoashe's better known for the things
76.3%
she's an actress whoashe's better known for the things
76.3%
she should keep in mind she should keep in mindthere is nothing i do better than revenge
75.3%
sheblooks at life like its a partyand she's on the list
75.3%
she should keep in mind she should keep in mindthere is nothing i do better than revenge
75.3%
she should keep in mind she should keep in mindthere is nothing i do better than revenge
75.3%
she underestimated justwho she was stealing from
74.2%
that she does on the matress woahsoon she's gonna find
73.1%
stealing other people's toys on the playgroundwon't make you many friends
73.1%
she thinks im psychocause i like to rhyme her name with things
73.1%
First Part Second Part % Correct
but no amount of vintage dressesgives you dignity
73.1%
that she does on the matress woahsoon she'sgonna find
73.1%
stealing other people;s toys on the playgroundwon't make you many friends
73.1%
that she does on the matress whoasoon she's gonna find
73.1%
stealing other people's toys on the playgroundwon't make you many friends
73.1%
she came along, got him alone and lets hear the applause
72%
they didn't teach you that in prep schoolso it's up to me
72%
she took him fasterthan you could say sabotage
71%
I think her ever presentfrown is a little troubling
69.9%
I'm just another thingfor you to roll your eyes at honey
63.4%
I never saw it comingwouldn't have suspected it
61.3%
but, sophistication isn't what you wear or who you knowor pushing people down to get you where you wanna go
59.1%
do you still feel likeyou know what you're doing
59.1%
you might have him but haven't you heardI'm just another thing for you to roll your eyes at honey
53.8%
you might have him butI always get the last word
52.7%
cause i don't think you dodo you still feel like
51.6%
she took him faster than you could saysabotage
50.5%
see you deserve some applausecause you're so much better
34.4%
you know what you're doingI don't think you do, I don't think you do
32.3%
Let's hear the applausecome on show me how much better you are
21.5%

You're not logged in!

Compare scores with friends on all Sporcle quizzes.
Join for Free
OR
Log In

You Might Also Like...

Show Comments

Extras

Top Quizzes Today


Score Distribution

Your Account Isn't Verified!

In order to create a playlist on Sporcle, you need to verify the email address you used during registration. Go to your Sporcle Settings to finish the process.

Report this User

Report this user for behavior that violates our Community Guidelines.

Details: